000 01474cam a2200361 a 4500
001 EDZ0000067532
003 StDuBDS
005 20161031105153.0
006 m||||||||d||||||||
007 cr |||||||||||
008 120405s2005 enka fo| 001|0|eng d
020 _a9781446215876 (ebook) :
_cNo price
040 _aStDuBDS
_beng
_cStDuBDS
_epn
049 _aAlfaisal Main Library
050 0 _aGV341
_b.P467 2005
082 0 4 _a613.7071
_223
245 0 0 _aPhysical education
_h[electronic resource] :
_bessential issues /
_cedited by Ken Green and Ken Hardman.
260 _aLondon :
_bSAGE,
_c2005.
300 _a1 online resource (xviii, 248 p.) :
_bill.
504 _aIncludes bibliographical references and index.
520 8 _aDealing with enduring themes and contemporary issues in primary and secondary physical education, these original contributions from leading figures in the field take a multi-disciplinary approach.
521 _aSpecialized.
588 _aDescription based on print version record.
650 0 _aPhysical education and training.
650 0 _aPhysical education teachers
_xTraining of.
655 7 _aElectronic books.
_2local
700 1 _aGreen, Ken
_c(Professor of applied sociology of sport)
700 1 _aHardman, Ken,
_d1938-
710 2 _aSage eBooks
776 0 8 _iPrint version :
_z9780761944980
856 4 0 _uhttp://ezproxy.alfaisal.edu/login?url=http://sk.sagepub.com/books/physical-education
942 _2lcc
_cEBOOKS
999 _c480871
_d480871